Current Governors of the United States by Picture - Statistics

General Stats
  • This quiz has been taken 35 times
  • The average score is 28 of 50
Answer Stats
Picture Hint Answer % Correct
California Gavin Newsom
100%
Minnesota Tim Walz
100%
Michigan Gretchen Whitmer
92%
Florida Ron DeSantis
92%
Texas Greg Abbott
85%
New York Kathy Hochul
85%
Arkansas Sarah Huckabee Sanders
85%
Maryland Wes Moore
85%
Kentucky Andy Beshear
77%
Virginia Glenn Youngkin
77%
Alabama Kay Ivey
77%
Georgia Brian Kemp
69%
Illinois JB Pritzker
69%
Pennsylvania Josh Shapiro
69%
Arizona Katie Hobbs
69%
Iowa Kim Reynolds
69%
New Jersey Phil Murphy
69%
Utah Spencer Cox
69%
Wisconsin Tony Evers
69%
Maine Janet Mills
62%
Colorado Jared Polis
62%
Kansas Laura Kelly
62%
Massachusetts Maura Healey
62%
South Carolina Henry McMaster
54%
North Carolina Josh Stein
54%
New Hampshire Kelly Ayotte
54%
Indiana Mike Braun
54%
Ohio Mike DeWine
54%
Vermont Phil Scott
54%
Tennessee Bill Lee
46%
Louisiana Jeff Landry
46%
Nevada Joe Lombardo
46%
Hawaii Josh Green
46%
New Mexico Michelle Lujan Grisham
46%
Alaska Mike Dunleavy
46%
Connecticut Ned Lamont
46%
Mississippi Tate Reeves
46%
Rhode Island Dan McKee
38%
Montana Greg Gianforte
38%
Wyoming Mark Gordon
38%
Idaho Brad Little
31%
Nebraska Jim Pillen
31%
North Dakota Kelly Armstrong
31%
Oklahoma Kevin Stitt
31%
South Dakota Larry Rhoden
31%
Missouri Mike Kehoe
31%
Oregon Tina Kotek
31%
West Virginia Patrick Morrisey
23%
Washington Bob Ferguson
15%
Delaware Matt Meyer
15%
No matching quizzes found
Score Distribution
Percent of People with Each Score
Percentile by Number Answered
Your Score History
You have not taken this quiz